The Greece Quiz Stats

Quiz Updated May 11, 2017

Also try: The Italy Quiz
Challenge
Share
Tweet
Embed
Score 0/50 Timer 07:00
0 Plays Today
Hint Answer % Correct
Flag ColorWhite
97.2%
Flag ColorBlue
97.1%
Capital CityAthens
95.5%
Nationality (Demonym)Greek
94.4%
Official LanguageGreek
94.4%
Internet Country Code.gr
92.7%
CurrencyEuro (EUR)
90.3%
Lowest Point (0 m)Mediterranean Sea
86.8%
Primary ContinentEurope
82.1%
Bordering CountryTurkey
81.9%
Drives on the...Right
81.3%
Age of Suffrage18
75.3%
Most Popular SportFootball (Soccer)
74.8%
Largest Religious DenominationGreek Orthodox
71.5%
Developed the Socratic MethodSocrates
71.2%
Independence fromOttoman Empire
70.9%
Bordering SeaMediterranean Sea
68.5%
Bordering CountryMacedonia
68.5%
Bordering SeaSea of Crete
67.4%
Olympic Host Year(s)1896 & 2004
67.4%
Largest IslandCrete
67.4%
Bordering CountryAlbania
66.9%
Long-Distance Running EventMarathon
66.7%
Greatest ConquerorAlexander the Great
62.6%
Main Building of The AcropolisParthenon
61%
Hint Answer % Correct
Bordering CountryBulgaria
59.6%
Academy of Athens FounderPlato
57%
Bordering SeaAegean Sea
49.3%
The Oracle at...Delphi
48.4%
Founder of Formal LogicAristotle
46.9%
Highest Point (2,917 m)Mount Olympus
46.5%
Former CurrencyGreek Drachma
40.2%
Ancient Wonder of the WorldColossus of Rhodes
35.2%
Second Largest CityThessaloniki
35.2%
Ancient Wonder of the WorldStatue of Zeus at Olympia
32.5%
Bordering SeaIonian Sea
27.3%
Official NameHellenic Republic
26.4%
Famous Battle of 300 SpartansBattle of Thermopylae
23.8%
Largest StadiumOlympic Stadium
23.7%
Third Largest IslandLesbos
22.7%
Minoan Eruption Volcanic IslandSantorini
21.5%
Prime MinisterAlexis Tsipras
15.4%
Third Largest CityPatras
13.6%
Independence DayMarch 25,1821
11.8%
PresidentProkopis Pavlopoulos
11%
Second Largest IslandEuboea
10.7%
Official MottoFreedom or Death
10.1%
National AnthemHymn to Liberty
9.3%
Largest Lake*Lake Prespa
3.6%
Bordering SeaMyrtoan Sea
2.9%

You're not logged in!

Compare scores with friends on all Sporcle quizzes.
Sign Up with Email
OR
Log In

You Might Also Like...

Show Comments

Extras

Top Quizzes Today


Score Distribution

Your Account Isn't Verified!

In order to create a playlist on Sporcle, you need to verify the email address you used during registration. Go to your Sporcle Settings to finish the process.